| 000 | 00587nam a22001937a 4500 | ||
|---|---|---|---|
| 005 | 20230522162603.0 | ||
| 008 | 230522b |||||||| |||| 00| 0 eng d | ||
| 020 | _a9789389 932638 | ||
| 041 | _aeng | ||
| 082 |
_a711.5 _bBHA |
||
| 100 |
_aBhatti S S _9181568 |
||
| 245 | _aChandigarh: Planning Architecture Landscape Urban Design Art Services | ||
| 260 |
_aNew Delhi _bCouncil Of Architecture _c2020 |
||
| 300 |
_a544p _bHb _c28 x 22 |
||
| 365 |
_aINR _b1311.3 _cRupaye |
||
| 500 | _a-Orientation And Background Plan Action Reality | ||
| 942 | _cBK | ||
| 999 |
_c159676 _d159676 |
||